000 00430nam a2200157Ia 4500
008 230711s9999||||xx |||||||||||||| ||und||
041 _aENG
082 _a720
_bPL-T
100 _aPlatts:E source
245 0 _aTechnology atles series: lighting commerical cooling and repair handling-IV
250 _a1st
260 _c1999
_aNew York
_bPlatts Colorado E source Colorado
300 _a347
650 _aArchitecture
942 _cBK
999 _c5037
_d5037